<?xml version="1.0" encoding="UTF-8"?>
<record
    xmlns:xsi="http://www.w3.org/2001/XMLSchema-instance"
    xsi:schemaLocation="http://www.loc.gov/MARC21/slim http://www.loc.gov/standards/marcxml/schema/MARC21slim.xsd"
    xmlns="http://www.loc.gov/MARC21/slim">

  <leader>00769nam a22002177a 4500</leader>
  <controlfield tag="003">OSt</controlfield>
  <controlfield tag="005">20170317230003.0</controlfield>
  <controlfield tag="008">130618s2013    sp ||||| |||||||| 0 cat d</controlfield>
  <datafield tag="020" ind1=" " ind2=" ">
    <subfield code="a">9788499792125</subfield>
  </datafield>
  <datafield tag="040" ind1=" " ind2=" ">
    <subfield code="c">CDMR</subfield>
    <subfield code="b">cat</subfield>
  </datafield>
  <datafield tag="100" ind1="1" ind2=" ">
    <subfield code="9">28</subfield>
    <subfield code="a">Huertas, Josep Maria</subfield>
    <subfield code="d">1939-2007&#x200F;</subfield>
  </datafield>
  <datafield tag="245" ind1="1" ind2="0">
    <subfield code="a">Josep M. Huertas Claveria i els barris de Barcelona</subfield>
    <subfield code="b">: antologia de reportatges (1964-1975)</subfield>
  </datafield>
  <datafield tag="260" ind1=" " ind2=" ">
    <subfield code="a">Barcelona</subfield>
    <subfield code="b">Federaci&#xF3; d'Associacions de Ve&#xEF;ns i Ve&#xEF;nes de Barcelona</subfield>
  </datafield>
  <datafield tag="260" ind1=" " ind2=" ">
    <subfield code="b">Mediterr&#xE0;nia</subfield>
    <subfield code="c">2013</subfield>
  </datafield>
  <datafield tag="300" ind1=" " ind2=" ">
    <subfield code="a">447 p.</subfield>
    <subfield code="b">il.</subfield>
  </datafield>
  <datafield tag="490" ind1="0" ind2=" ">
    <subfield code="a">Quaderns de Carrer</subfield>
    <subfield code="v">7</subfield>
  </datafield>
  <datafield tag="650" ind1="0" ind2="4">
    <subfield code="9">3298</subfield>
    <subfield code="a">Barcelona (Catalunya)</subfield>
  </datafield>
  <datafield tag="650" ind1="0" ind2="4">
    <subfield code="9">1509</subfield>
    <subfield code="a">Premsa</subfield>
    <subfield code="z">Barcelona</subfield>
    <subfield code="x">Aspectes socials</subfield>
  </datafield>
  <datafield tag="600" ind1="1" ind2=" ">
    <subfield code="9">28</subfield>
    <subfield code="a">Huertas, Josep Maria</subfield>
    <subfield code="d">1939-2007&#x200F;</subfield>
    <subfield code="v">Recull d'escrits</subfield>
    <subfield code="y">1964-1975</subfield>
  </datafield>
  <datafield tag="942" ind1=" " ind2=" ">
    <subfield code="2">udc</subfield>
    <subfield code="c">MON</subfield>
  </datafield>
  <datafield tag="999" ind1=" " ind2=" ">
    <subfield code="c">6469</subfield>
    <subfield code="d">6469</subfield>
  </datafield>
  <datafield tag="952" ind1=" " ind2=" ">
    <subfield code="0">0</subfield>
    <subfield code="1">0</subfield>
    <subfield code="4">0</subfield>
    <subfield code="7">0</subfield>
    <subfield code="a">CDMR</subfield>
    <subfield code="b">CDMR</subfield>
    <subfield code="d">2013-06-18</subfield>
    <subfield code="e">Donaci&#xF3;</subfield>
    <subfield code="l">4</subfield>
    <subfield code="m">2</subfield>
    <subfield code="o">Du 6/76</subfield>
    <subfield code="p">CDMR13066716</subfield>
    <subfield code="r">2017-12-12</subfield>
    <subfield code="s">2017-11-10</subfield>
    <subfield code="w">2013-06-18</subfield>
    <subfield code="y">MON</subfield>
  </datafield>
</record>
